Planeación estratégica. Fundamentos y aplicaciones.
Spremljeno u:
| Glavni autor: | |
|---|---|
| Daljnji autori: | |
| Format: | Nepoznato |
| Izdano: |
México,D.F., México:
McGraw Hill,
2019.
|
| Izdanje: | Tercera edición. |
| Teme: | |
| Oznake: |
Dodaj oznaku
Bez oznaka, Budi prvi tko označuje ovaj zapis!
|
MARC
| LEADER | 00000 a2200000 4500 | ||
|---|---|---|---|
| 003 | CL-VaPUC | ||
| 005 | 20230913140506.0 | ||
| 008 | 230830t2019 ||||| |||| 00| 0 eng d | ||
| 999 | |c 441675 |d 441673 | ||
| 020 | |a 9781456263140 | ||
| 040 | |c Pontificia Universidad Católica de Valparaíso | ||
| 082 | 7 | |a 658.3 CHI 2019 |2 22 | |
| 100 | |a Chiavenato, Idalberto |e autor |9 88 | ||
| 245 | |a Planeación estratégica. |b Fundamentos y aplicaciones. | ||
| 250 | |a Tercera edición. | ||
| 260 | |a México,D.F., México: |b McGraw Hill, |c 2019. | ||
| 300 | |a 349 páginas. | ||
| 583 | |k GC |c 20230830 | ||
| 650 | 0 | |a Planificación estratégica |9 259735 | |
| 650 | 0 | |a Planificación empresarial |9 259791 | |
| 650 | 0 | |a Cambio organizacional |9 260741 |x Administración | |
| 700 | |a Sapiro, Arão |e autor |9 884439 | ||
| 942 | |2 ddc |c BK | ||
| 952 | |0 0 |1 0 |2 ddc |4 0 |6 658_300000000000000_CHI_2019 |7 0 |8 A |9 591380 |a BIBGIM |b BIBGIM |c GEN |d 2023-08-30 |e 182 |g 46410.00 |i 5658511 |l 1 |o 658.3 CHI 2019 |p 5658511 |r 2025-01-15 |s 2023-10-10 |t 2 |v 46410.00 |w 2023-08-30 |y BK |k EST | ||
| 952 | |0 0 |1 0 |2 ddc |4 0 |6 658_300000000000000_CHI_2019 |7 0 |8 A |9 591381 |a BIBGIM |b BIBGIM |c GEN |d 2023-08-30 |e 182 |g 46410.00 |i 5658510 |o 658.3 CHI 2019 |p 5658510 |r 2025-01-15 |t 1 |v 46410.00 |w 2023-08-30 |y BK |k EST | ||